000 00646nam a2200277Ia 4500
005 20260324132857.0
008 008 260324s9999 xx 000 0 eng d
020 _a9780203328293
037 _aEBOOK
040 _aCRL
040 _beng
040 _cCRL
041 _2eng
041 _aeng
084 _qCRL
100 _aDouglas Austin
_91190955
245 0 _aMalta and British Strategic Policy, 1925-43
260 _bTaylor and Francis
260 _c2004
365 _a
365 _b315
856 _uhttp://www.taylorfrancis.com/books/9780203328293
942 _cEBOOK
999 _c1789459
_d1789459